Statistics for How African countries gained Independence

Click here to take the quiz!

General Stats

  • This quiz has been taken 111 times
    (101 since last reset)
  • The average score is 53 of 54

Answer Stats

CountryCountry/Empire% Correct
ZimbabweBritish Empire
100%
SeychellesBritish Empire
100%
KenyaBritish Empire
100%
MalawiBritish Empire
100%
GhanaBritish Empire
100%
GambiaBritish Empire
100%
MauritiusBritish Empire
100%
EswatiniBritish Empire
100%
NigeriaBritish Empire
100%
EgyptBritish Empire
100%
LesothoBritish Empire
100%
Sierra LeoneBritish Empire
100%
South AfricaBritish Empire
100%
SudanBritish Empire
100%
TanzaniaBritish Empire
100%
UgandaBritish Empire
100%
BotswanaBritish Empire
100%
ZambiaBritish Empire
100%
SomaliaBritish Empire/Italy
100%
MadagascarFrench Empire
99%
NigerFrench Empire
99%
MoroccoFrench Empire
99%
TogoFrench Empire
99%
TunisiaFrench Empire
99%
MauritaniaFrench Empire
99%
MaliFrench Empire
99%
SenegalFrench Empire
99%
AlgeriaFrench Empire
99%
DjiboutiFrench Empire
99%
Burkina FasoFrench Empire
99%
Central African RepublicFrench Empire
99%
ChadFrench Empire
99%
ComorosFrench Empire
99%
Republic of CongoFrench Empire
99%
CameroonFrench Empire
99%
BeninFrench Empire
99%
GabonFrench Empire
99%
GuineaFrench Empire
99%
Ivory CoastFrench Empire
99%
BurundiBelgium
95%
RwandaBelgium
95%
Democratic Republic of CongoBelgium
95%
South SudanSudan
95%
EritreaEthiopia
92%
MozambiquePortuguese Empire
92%
Cabo VerdePortuguese Empire
92%
Sao Tome and PrincipePortuguese Empire
92%
AngolaPortuguese Empire
92%
Guinea-BissauPortuguese Empire
92%
LibyaItaly
91%
EthiopiaItaly
91%
NamibiaSouth Africa
91%
Equatorial GuineaSpanish Empire
91%
LiberiaUnited States of America
86%

Score Distribution

Percentile by Number Answered

Percent of People with Each Score

Your Score History

You have not taken this quiz since the last reset